000 00299nam a22001337a 4500
008 171024b xxu||||| |||| 00| 0 eng d
020 _a2900618896966
041 _aeng
080 _28 ED
_a311
100 _a55
101 _aSTA
245 _aUNDERSTANDING STATISTICS
_cBRASE.B
942 _2udc
_cBK
999 _c35781
_d35781